| 000 | 006100000a22002410004500 | ||
|---|---|---|---|
| 005 | 20120302062542.0 | ||
| 942 | _cBOOK | ||
| 100 | _a UPASANI BABA MAHARAJ | ||
| 245 | _a SHRI SAI- VAKSUDHA ATHAVA SARVA SHASTRA SIDDHANTA | ||
| 260 | _aAHAMADNAGAR:BALKRUSHNA WAMAN ATHAWALE,1927 | ||
| 300 | _a501 P. | ||
| 040 | _aMAR | ||
| 650 | _aHINDU DHARMA | ||
| 650 | _a SANTA VANGAMAYA | ||
| 650 | _a UPASANI | ||
| 650 | _a VAKSUDHA | ||
| 650 | _a PRAKRUTI VA TICHE GUNADHARMA | ||
| 650 | _a PANCHATATVA | ||
| 650 | _a SHADRIPU | ||
| 650 | _a ANUSHTHAN | ||
| 650 | _a VEDANT | ||
| 650 | _a TAPASHACHARYA | ||
| 999 |
_c357030 _d357027 |
||